| 000 | 00546nam a22001697a 4500 | ||
|---|---|---|---|
| 005 | 20251108164326.0 | ||
| 008 | 250721s9999 xx 000 0 ara d | ||
| 082 | 1 | 4 | _a388.3026/حسن |
| 100 | 1 | _aمصطفى، حسني | |
| 245 | 1 | 0 |
_aجرائم المرور : _bقانون المرور و لائحته التنفيذية ... / |
| 264 | 1 |
_aالاسكندريه : _bمنشأة المعارف، _c[19-]. |
|
| 300 | _a148ص | ||
| 490 | 0 | _aالكتب القانونية | |
| 650 | 1 | 7 | _aلوائح المرور |
| 942 |
_2ddc _cBK |
||
| 999 |
_c9388 _d9388 |
||